¿Qué es el Proyecto Apoyo a la Calidad Educativa (PACE)? (Record no. 8667)

MARC details
000 -LEADER
campo de control de longitud fija 00446nam a2200133Ia 4500
001 - NÚMERO DE CONTROL
campo de control 3136
008 - DATOS DE LONGITUD FIJA--INFORMACIÓN GENERAL
campo de control de longitud fija 241024s9999 xx 000 0 und d
082 ## - NÚMERO DE LA CLASIFICACIÓN DECIMAL DEWEY
Número de clasificación RD/372.71/R426p
100 ## - ENTRADA PRINCIPAL--NOMBRE DE PERSONA
Nombre de persona República Dominicana.Programa Multifase para la Equidad de la Educación Básica
245 #0 - MENCIÓN DEL TÍTULO
Título ¿Qué es el Proyecto Apoyo a la Calidad Educativa (PACE)?
260 ## - PUBLICACIÓN, DISTRIBUCIÓN, ETC.
Nombre del editor, distribuidor, etc. Santo Domingo,República Dominicana
Fecha de publicación, distribución, etc. 2008
901 ## - ELEMENTOS DE DATOS A LOCAL LDA (RLIN)
a 22/8/2013 8:18:42 a.m.

No items available.

© 2024. Todos los Derechos Reservados. Desarrollado por IDEICE